| 000 | 00000nam##2200000za#4500 |
| 001 | 9.523592 |
| 003 | CaOODSP |
| 005 | 20200327093224 |
| 007 | ta |
| 008 | 150406|1994||||xxc||||| f|0| 0 eng|d |
| 020 | |a0-662-60198-X|z0-662-21396-3 |
| 040 | |aCaOODSP|beng |
| 041 | |aeng |
| 041 | |afre |
| 043 | |an-cn--- |
| 086 | 1 |aSC94-47/1994 |
| 110 | 1 |aCanada.|bCanadian Centre for Management Development. |
| 245 | 10|aContinuous learning : |ba CCMD report / |cPrepared by the Steering Group on Continuous Learning, Human Resources Development Council, Treasury Board. |
| 260 | |aOttawa - Ontario : |bCanadian Centre for Management Development |c1994. |
| 300 | |aEnglish text, 61p. : |breferences ; |c28 cm. |
| 490 | 1 |aCCMD report|vNo. 1 |
| 546 | |aBilingual |
| 563 | |aSoftcover |
| 590 | |a94-27|b1994-07-08 |
| 690 | 07|aTraining|2gcpds |
| 690 | 07|aPublic service|2gcpds |
| 776 | 0#|tContinuous learning : |w(CaOODSP)9.573352 |
| 776 | 0#|tL'apprentissage permanent : |w(CaOODSP)9.603532 |
| 792 | |tL'apprentissage permanent : |efre|w(CaOODSP)9.523593 |
| 830 | #0|aCCMD report ;|vNo. 1|w(CaOODSP)9.509630 |